Normal view
MARC view
Entry Personal Name
001 - CONTROL NUMBER
- control field: 8313
003 - CONTROL NUMBER IDENTIFIER
- control field: BD-RjUL
005 - DATE AND TIME OF LATEST TRANSACTION
- control field: 20230813105440.0
008 - FIXED-LENGTH DATA ELEMENTS
- fixed length control field: 230813|| aca||aabn | a|a d
040 ## - CATALOGING SOURCE
- Original cataloging agency: BD-RjUL
- Transcribing agency: BD-RjUL
100 ## - HEADING--PERSONAL NAME
- Personal name: তাহের, আবু, তত্ত্বাবধায়ক
670 ## - SOURCE DATA FOUND
- Source citation: Work cat.: (BD-RjUL)77848: আমীন, নূরুল 244034, বাংলাদেশের মৃৎশিল্প : ঐতিহ্য ও আধুনিকতা (১৯৬১-২০০৬) , ২০১১